По ходатайству китайского принца Шиси Фун Инджангвин Лухвина о вознаграждении его за принадлежавшее ему имущество, уничтоженное ...

RUSMARC
00006172cmc2a2200397 x 450
001819cb7dd079c421e98d6e87d806823a9
00520150730122217.0
035##$a819cb7dd079c421e98d6e87d806823a9
100##$a20130923l19081909ky0rusy010189
1010#$arus
102##$aRU
1222#$ad19080515##
$ad19090109##
2001#$aПо ходатайству китайского принца Шиси Фун Инджангвин Лухвина о вознаграждении его за принадлежавшее ему имущество, уничтоженное в Мукдене во время русско-японской войны
$j15 мая 1908 г. - 9 января 1909 г.
251##$cДело
215##$a16 листов
2250#$aФонд Совета министров
$hОпись № 4 1908 год
300##$aОригинальный заголовок дела: По ходатайству китайского принца Шиси Фун Инджангвин Лухвина о вознаграждении его за уничтоженное во время русско-японской войны, его имущество : апрель 1908 г.
300##$aМашинописный текст
324##$aПленка
5171#$aПо ходатайству китайского принца Шиси Фун Инджангвин Лухвина о вознаграждении его за уничтоженное во время русско-японской войны, его имущество
$eапрель 1908 г.
605##$2acquisition_Prlib
$3DITM\AF\0000002775
$aВласть
$lколлекция
605##$2acquisition_Prlib
$3DITM\AF\0000003834
$aНарод
$lколлекция
605##$2acquisition_Prlib
$3LIBNET\UAF\0000059244
$aРусско-японская война 1904-1905 гг.
$lколлекция
6061#$2prlib_sh
$3LIBNET\UAF\0000059639
$aРусско-японская война
$z1904 - 1905
$xЭкономические последствия
$jДокументы и материалы
6061#$2prlib_sh
$3LIBNET\UAF\0000059684
$aМукденское сражение
$z1905
$jДокументы и материалы
607##$2prlib_sh
$3LIBNET\UAF\0000059737
$aРоссия
$xВзаимоотношения
$yКитай
$zнач. 20 в.
$jДокументы и материалы
607##$2prlib_sh
$3LIBNET\UAF\0000059738
$aКитай
$xВзаимоотношения
$yРоссия
$zнач. 20 в.
$jДокументы и материалы
686##$a63.3(2)531-68ю1
$vLBC/M
$2rubbk
801#0$aRU
$bРГИА
$c20130923
801#1$aRU
$bГлавНИВЦ
$c20130923
$2rusmarc
801#2$aRU
$bПБ им. Б.Н. Ельцина
$c20150715
$gRCR
$2rusmarc
850##$aeедеральное казенное учреждение "Российский государственный исторический архив"
852##$aРГИА
$j573
937##$d35404988
$hРГИА
461#0$1001c7912e80-a322-4844-9992-beca65726c82
$12001
$aСовет министров (1905-1917)
$1251
$cФонд
$1852
$j1276
462#0$100128effbc8-45a8-4844-a30d-fda4587ad6d6
$12001
$a1908 г.
$vД. 573
$1251
$cОпись
$1852
$j4
Формат отображения